The finding of Stoby Binder

Bibliographic Details
Main Author: Marks, Graham
Format: Book
Published: London : Hodder & Stoughton , 1982
Subjects:

MARC

LEADER 00000cam a2200000 7i4500
001 0000009508
002 000010360
005 20000330.0
020 |a 0340281537 
090 0 0 |a JF   |b MAR 
100 1 |a Marks, Graham 
245 1 0 |a The finding of Stoby Binder   |c Graham Marks 
260 |a London :   |b Hodder & Stoughton ,   |c 1982 
300 |a 160 p. ;   |c 21 cm. 
650 0 0 |a Children's stories 
999 |a 023653   |b BUKU   |c PINJAMAN   |e PERPUSTAKAAN KOMUNITI PETALING JAYA